[Event "2024 National Elementary (K-6) Championship"]
[Site "Columbus, Ohio, United States"]
[Date "2024.04.28"]
[Round "6.17"]
[White "Chaudhuri, Arihant"]
[Black "Parikh, Parv"]
[Result "1-0"]
[TimeControl "G/90; d10"]
[WhiteElo "958"]
[BlackElo "1086"]

1. e4 {[%clk 01:30:00]} {[%emt 00:00:03]} e5 {[%clk 01:30:00]} {[%emt
00:00:04]} 2. Nf3 {[%clk 01:30:00]} {[%emt 00:00:09]} Nc6 {[%clk 01:30:00]}
{[%emt 00:00:06]} 3. Nc3 {[%clk 01:30:00]} {[%emt 00:00:05]} Nf6 {[%clk
01:30:00]} {[%emt 00:00:09]} 4. d4 {[%clk 01:30:00]} {[%emt 00:00:07]} exd4
{[%clk 01:27:38]} {[%emt 00:02:32]} 5. Nxd4 {[%clk 01:30:00]} {[%emt 00:00:08]}
Be7 {[%clk 01:24:28]} {[%emt 00:03:19]} 6. Bc4 {[%clk 01:28:28]} {[%emt
00:01:43]} O-O {[%clk 01:20:29]} {[%emt 00:04:09]} 7. Bb3 {[%clk 01:26:51]}
{[%emt 00:01:47]} h6 {[%clk 01:19:36]} {[%emt 00:01:03]} 8. O-O {[%clk
01:25:44]} {[%emt 00:01:17]} Bc5 {[%clk 01:13:20]} {[%emt 00:06:26]} 9. Be3
{[%clk 01:24:25]} {[%emt 00:01:29]} Bxd4 {[%clk 01:12:53]} {[%emt 00:00:37]} 10.
Bxd4 {[%clk 01:24:24]} {[%emt 00:00:11]} d6 {[%clk 01:12:27]} {[%emt 00:00:35]}
11. Be3 {[%clk 01:21:48]} {[%emt 00:02:47]} Be6 {[%clk 01:12:01]} {[%emt
00:00:36]} 12. h3 {[%clk 01:21:04]} {[%emt 00:00:55]} Qd7 {[%clk 01:11:01]}
{[%emt 00:01:10]} 13. Bxe6 {[%clk 01:20:38]} {[%emt 00:00:37]} fxe6 {[%clk
01:10:34]} {[%emt 00:00:36]} 14. f4 {[%clk 01:19:46]} {[%emt 00:01:02]} Rad8
{[%clk 01:07:36]} {[%emt 00:03:08]} 15. Qf3 {[%clk 01:14:58]} {[%emt 00:04:58]}
Qf7 {[%clk 01:04:52]} {[%emt 00:02:54]} 16. Nb5 {[%clk 01:12:12]} {[%emt
00:02:56]} a6 {[%clk 01:04:08]} {[%emt 00:00:55]} 17. Nd4 {[%clk 01:11:27]}
{[%emt 00:00:55]} Nxd4 {[%clk 01:02:27]} {[%emt 00:01:50]} 18. Bxd4 {[%clk
01:11:27]} {[%emt 00:00:06]} Qg6 {[%clk 00:53:29]} {[%emt 00:09:08]} 19. f5
{[%clk 01:10:21]} {[%emt 00:01:15]} Qh5 {[%clk 00:51:35]} {[%emt 00:02:05]} 20.
fxe6 {[%clk 01:06:57]} {[%emt 00:03:33]} Qxf3 {[%clk 00:49:50]} {[%emt
00:01:57]} 21. Rxf3 {[%clk 01:06:40]} {[%emt 00:00:26]} Rde8 {[%clk 00:49:31]}
{[%emt 00:00:28]} 22. e5 {[%clk 01:04:35]} {[%emt 00:02:15]} dxe5 {[%clk
00:48:35]} {[%emt 00:01:06]} 23. Bc5 {[%clk 01:04:35]} {[%emt 00:00:10]} e4
{[%clk 00:47:34]} {[%emt 00:01:10]} 24. Rff1 {[%clk 01:04:21]} {[%emt
00:00:24]} Rxe6 {[%clk 00:46:57]} {[%emt 00:00:45]} 25. Bxf8 {[%clk 01:04:21]}
{[%emt 00:00:14]} Kxf8 {[%clk 00:46:43]} {[%emt 00:00:23]} 26. Rae1 {[%clk
01:03:54]} {[%emt 00:00:37]} Ke7 {[%clk 00:46:27]} {[%emt 00:00:26]} 27. g4
{[%clk 01:01:06]} {[%emt 00:02:58]} g5 {[%clk 00:45:55]} {[%emt 00:00:42]} 28.
Rf2 {[%clk 00:59:27]} {[%emt 00:01:48]} Kd6 {[%clk 00:44:50]} {[%emt 00:01:15]}
29. Rf5 {[%clk 00:57:07]} {[%emt 00:02:30]} b6 {[%clk 00:42:40]} {[%emt
00:02:22]} 30. c4 {[%clk 00:56:44]} {[%emt 00:00:33]} a5 {[%clk 00:40:52]}
{[%emt 00:01:58]} 31. a3 {[%clk 00:56:15]} {[%emt 00:00:39]} c5 {[%clk
00:38:52]} {[%emt 00:02:10]} 32. Kf2 {[%clk 00:55:33]} {[%emt 00:00:51]} Ke7
{[%clk 00:37:41]} {[%emt 00:01:21]} 33. Kg3 {[%clk 00:54:59]} {[%emt 00:00:45]}
Kf7 {[%clk 00:35:44]} {[%emt 00:02:06]} 34. h4 {[%clk 00:53:38]} {[%emt
00:01:31]} Kg6 {[%clk 00:35:23]} {[%emt 00:00:29]} 35. h5+ {[%clk 00:50:05]}
{[%emt 00:03:45]} Kf7 {[%clk 00:35:23]} {[%emt 00:00:10]} 36. Kf2 {[%clk
00:49:23]} {[%emt 00:00:53]} Ke7 {[%clk 00:35:22]} {[%emt 00:00:10]} 37. Rg1
{[%clk 00:48:01]} {[%emt 00:03:01]} Kd6 {[%clk 00:34:39]} {[%emt 00:01:15]} 38.
Ke3 {[%emt 00:03:36]} Kd7 {[%clk 00:31:54]} {[%emt 00:00:23]} 39. Rff1 {[%clk
00:45:15]} {[%emt 00:02:01]} Ke7 {[%clk 00:30:16]} {[%emt 00:01:47]} 40. Rb1
{[%clk 00:44:57]} {[%emt 00:00:28]} a4 {[%clk 00:28:15]} {[%emt 00:02:12]} 41.
b3 {[%clk 00:44:34]} {[%emt 00:00:33]} axb3 {[%clk 00:27:56]} {[%emt 00:00:28]}
42. Rxb3 {[%clk 00:44:23]} {[%emt 00:00:21]} Kd7 {[%clk 00:27:34]} {[%emt
00:00:32]} 43. a4 {[%clk 00:44:16]} {[%emt 00:00:17]} Ne8 {[%clk 00:26:18]}
{[%emt 00:01:25]} 44. Ra3 {[%clk 00:43:25]} {[%emt 00:01:03]} Nd6 {[%clk
00:26:01]} {[%emt 00:00:26]} 45. Rc3 {[%clk 00:43:23]} {[%emt 00:00:13]} Ne8
{[%clk 00:25:24]} {[%emt 00:00:47]} 46. Ra3 {[%clk 00:41:51]} {[%emt 00:01:41]}
Nd6 {[%clk 00:25:14]} {[%emt 00:00:20]} 47. Rc1 {[%clk 00:41:18]} {[%emt
00:00:44]} Nb7 {[%clk 00:25:04]} {[%emt 00:00:19]} 48. Rac3 {[%clk 00:38:51]}
{[%emt 00:02:38]} Nd6 {[%clk 00:23:55]} {[%emt 00:01:18]} 49. Rf1 {[%clk
00:37:38]} {[%emt 00:01:22]} Ke7 {[%clk 00:23:21]} {[%emt 00:00:45]} 50. Rb1
{[%clk 00:36:05]} {[%emt 00:01:43]} Kf7 {[%clk 00:20:01]} {[%emt 00:03:30]} 51.
Ke2 {[%clk 00:33:45]} {[%emt 00:02:30]} Ne8 {[%clk 00:19:18]} {[%emt 00:00:52]}
52. Rcb3 {[%clk 00:32:24]} {[%emt 00:01:32]} Nd6 {[%clk 00:17:25]} {[%emt
00:02:04]} 53. Rxb6 {[%clk 00:31:45]} {[%emt 00:00:49]} Nxc4 {[%clk 00:17:09]}
{[%emt 00:00:25]} 54. Rb7+ {[%clk 00:31:05]} {[%emt 00:00:51]} Kf6 {[%clk
00:17:03]} {[%emt 00:00:15]} 55. Rf1+ {[%clk 00:29:06]} {[%emt 00:02:09]} Ke5
{[%clk 00:16:48]} {[%emt 00:00:25]} 56. Rc7 {[%clk 00:28:00]} {[%emt 00:01:17]}
Nb2 {[%clk 00:16:00]} {[%emt 00:00:57]} 57. Rxc5+ {[%clk 00:27:19]} {[%emt
00:00:51]} Kd4 {[%clk 00:15:44]} {[%emt 00:00:26]} 58. Rb5 {[%clk 00:26:28]}
{[%emt 00:01:01]} Nd3 {[%clk 00:14:35]} {[%emt 00:01:19]} 59. a5 {[%clk
00:24:21]} {[%emt 00:02:18]} Nf4+ {[%clk 00:14:12]} {[%emt 00:00:33]} 60. Kd1
{[%clk 00:20:15]} {[%emt 00:04:15]} e3 {[%clk 00:14:05]} {[%emt 00:00:17]} 61.
Rb4+ {[%clk 00:19:46]} {[%emt 00:00:39]} Kc5 {[%clk 00:12:09]} {[%emt
00:02:06]} 62. Rfxf4 {[%clk 00:19:20]} {[%emt 00:01:08]} gxf4 {[%clk 00:11:39]}
{[%emt 00:00:41]} 63. Rxf4 {[%clk 00:19:20]} {[%emt 00:00:09]} Kd5 {[%clk
00:09:36]} {[%emt 00:02:13]} 64. Ke2 {[%clk 00:18:55]} {[%emt 00:00:35]} Re5
{[%clk 00:08:45]} {[%emt 00:01:01]} 65. Rf5 {[%clk 00:18:46]} {[%emt 00:00:20]}
Rxf5 {[%clk 00:07:52]} {[%emt 00:01:02]} 66. gxf5 {[%clk 00:18:13]} {[%emt
00:00:43]} Ke5 {[%clk 00:07:52]} {[%emt 00:00:08]} 67. a6 {[%clk 00:17:31]}
{[%emt 00:00:53]} Kxf5 {[%clk 00:07:51]} {[%emt 00:00:11]} 68. Kxe3 {[%clk
00:17:29]} {[%emt 00:00:12]} Kg5 {[%clk 00:07:43]} {[%emt 00:00:18]} 69. a7
{[%clk 00:17:17]} {[%emt 00:00:22]} Kxh5 {[%clk 00:07:43]} {[%emt 00:00:06]} 70.
a8=Q {[%clk 00:17:17]} {[%emt 00:00:06]} Kg4 {[%clk 00:07:43]} {[%emt
00:00:09]} 71. Qf3+ {[%clk 00:17:17]} {[%emt 00:00:10]} Kg5 {[%clk 00:07:24]}
{[%emt 00:00:28]} 72. Qh3 {[%clk 00:16:58]} {[%emt 00:00:28]} h5 {[%clk
00:07:17]} {[%emt 00:00:18]} 73. Kf3 {[%clk 00:16:42]} {[%emt 00:00:26]} h4
{[%clk 00:06:49]} {[%emt 00:00:39]} 74. Ke4 {[%clk 00:16:37]} {[%emt 00:00:15]}
Kh5 {[%clk 00:06:49]} {[%emt 00:00:09]} 75. Kf5 {[%clk 00:16:37]} {[%emt
00:00:10]} Kh6 {[%clk 00:06:36]} {[%emt 00:00:23]} 76. Qxh4+ {[%clk 00:16:37]}
{[%emt 00:00:07]} Kg7 {[%clk 00:06:33]} {[%emt 00:00:14]} 77. Qf6+ {[%clk
00:16:23]} {[%emt 00:00:23]} Kh7 {[%clk 00:06:29]} {[%emt 00:00:13]} 78. Kg5
{[%clk 00:16:23]} {[%emt 00:00:10]} Kg8 {[%clk 00:06:22]} {[%emt 00:00:17]} 79.
Qe7 {[%clk 00:16:23]} {[%emt 00:00:04]} Kh8 {[%clk 00:06:19]} {[%emt 00:00:13]}
80. Kg6 {[%clk 00:16:23]} {[%emt 00:00:09]} Kg8 {[%clk 00:06:13]} {[%emt
00:00:16]} 81. Qe8# {[%emt 00:00:06]} 1-0

[Event "2024 National Elementary (K-6) Championship"]
[Site "Columbus, Ohio, United States"]
[Date "2024.04.28"]
[Round "6.18"]
[White "Yu, Ziheng"]
[Black "Smith, Charles Edward"]
[Result "0-1"]
[TimeControl "G/90; d10"]
[WhiteElo "826"]
[BlackElo "828"]

1. e4 {[%clk 01:30:00]} {[%emt 00:00:01]} d6 {[%clk 01:30:00]} {[%emt
00:00:42]} 2. d4 {[%clk 01:29:58]} {[%emt 00:00:11]} Nf6 {[%clk 01:30:00]}
{[%emt 00:00:05]} 3. Nc3 {[%clk 01:29:50]} {[%emt 00:00:15]} g6 {[%clk
01:30:00]} {[%emt 00:00:06]} 4. Nf3 {[%clk 01:29:46]} {[%emt 00:00:11]} Bg7
{[%clk 01:30:00]} {[%emt 00:00:07]} 5. e5 {[%clk 01:29:42]} {[%emt 00:00:14]}
dxe5 {[%clk 01:29:41]} {[%emt 00:00:29]} 6. Nxe5 {[%clk 01:29:14]} {[%emt
00:00:37]} O-O {[%clk 01:29:36]} {[%emt 00:00:17]} 7. Bc4 {[%clk 01:28:54]}
{[%emt 00:00:30]} e6 {[%clk 01:29:31]} {[%emt 00:00:15]} 8. O-O {[%clk
01:28:28]} {[%emt 00:00:20]} Nbd7 {[%clk 01:29:31]} {[%emt 00:00:24]} 9. Bg5
{[%clk 01:27:55]} {[%emt 00:00:43]} Qe7 {[%clk 01:28:40]} {[%emt 00:01:00]} 10.
Qf3 {[%clk 01:27:30]} {[%emt 00:00:33]} Qb4 {[%clk 01:27:44]} {[%emt 00:01:08]}
11. Bxf6 {[%clk 01:27:17]} {[%emt 00:00:24]} Nxf6 {[%clk 01:27:37]} {[%emt
00:00:17]} 12. b3 {[%clk 01:26:46]} {[%emt 00:00:42]} Qd6 {[%clk 01:27:15]}
{[%emt 00:00:25]} 13. Nb5 {[%clk 01:26:02]} {[%emt 00:01:00]} Qb6 {[%clk
01:26:34]} {[%emt 00:00:47]} 14. a4 {[%clk 01:25:03]} {[%emt 00:01:12]} a5
{[%clk 01:26:18]} {[%emt 00:00:25]} 15. Bd3 {[%clk 01:23:11]} {[%emt 00:01:58]}
c6 {[%clk 01:25:36]} {[%emt 00:00:56]} 16. Nc3 {[%clk 01:22:36]} {[%emt
00:02:33]} Qxd4 {[%clk 01:25:18]} {[%emt 00:00:25]} 17. Ne2 {[%clk 01:21:23]}
{[%emt 00:01:25]} Qxe5 {[%clk 01:25:12]} {[%emt 00:00:15]} 18. Rfe1 {[%clk
01:20:53]} {[%emt 00:00:41]} Qd5 {[%clk 01:24:43]} {[%emt 00:00:38]} 19. Qe3
{[%clk 01:20:04]} {[%emt 00:00:58]} Qd6 {[%clk 01:23:52]} {[%emt 00:01:03]} 20.
Rad1 {[%clk 01:19:23]} {[%emt 00:00:47]} Ng4 {[%clk 01:22:53]} {[%emt
00:01:12]} 21. Qc1 {[%clk 01:18:30]} {[%emt 00:01:01]} Qxh2+ {[%clk 01:22:26]}
{[%emt 00:00:40]} 22. Kf1 {[%clk 01:18:12]} {[%emt 00:00:29]} Qh1+ {[%clk
01:21:57]} {[%emt 00:00:38]} 23. Ng1 {[%clk 01:18:03]} {[%emt 00:00:18]} Nh2+
{[%clk 01:21:12]} {[%emt 00:00:55]} 24. Ke2 {[%clk 01:17:34]} {[%emt 00:00:40]}
Qxg2 {[%clk 01:20:58]} {[%emt 00:00:22]} 25. Qe3 {[%clk 01:14:47]} {[%emt
00:02:58]} e5 {[%clk 01:19:58]} {[%emt 00:01:10]} 26. Be4 {[%clk 01:11:51]}
{[%emt 00:03:06]} Bg4+ {[%clk 01:19:00]} {[%emt 00:01:04]} 27. Kd2 {[%clk
01:11:20]} {[%emt 00:00:44]} Rad8+ {[%clk 01:17:37]} {[%emt 00:01:34]} 28. Kc1
{[%clk 01:10:45]} {[%emt 00:00:44]} Bh6 {[%clk 01:14:59]} {[%emt 00:02:48]} 29.
Qxh6 {[%emt 00:01:07]} Qxf2 {[%emt 00:00:52]} 30. Bd3 {[%clk 01:07:13]} {[%emt
00:02:35]} Bxd1 {[%clk 01:14:49]} {[%emt 00:00:30]} 31. Rxd1 {[%clk 01:06:54]}
{[%emt 00:00:23]} e4 {[%clk 01:13:23]} {[%emt 00:01:40]} 32. Nh3 {[%clk
01:05:21]} {[%emt 00:01:32]} Ng4 {[%clk 01:12:43]} {[%emt 00:01:03]} 33. Qg5
{[%clk 01:04:29]} {[%emt 00:01:01]} Qe3+ {[%clk 01:12:08]} {[%emt 00:00:46]} 34.
Qxe3 {[%emt 00:02:48]} Nxe3 {[%emt 00:00:28]} 35. Rh1 {[%clk 00:59:33]} {[%emt
00:01:48]} exd3 {[%clk 01:11:43]} {[%emt 00:00:38]} 36. cxd3 {[%clk 00:59:13]}
{[%emt 00:00:30]} Rxd3 {[%clk 01:11:31]} {[%emt 00:00:22]} 37. Ng5 {[%clk
00:58:48]} {[%emt 00:00:36]} Rfd8 {[%clk 01:11:27]} {[%emt 00:05:12]} 38. Rg1
{[%clk 00:56:12]} {[%emt 00:02:45]} Rc3+ {[%clk 01:10:54]} {[%emt 00:00:40]} 39.
Kb2 {[%clk 00:55:49]} {[%emt 00:00:36]} Rc2+ {[%clk 01:10:30]} {[%emt
00:00:33]} 40. Kb1 {[%clk 00:55:05]} {[%emt 00:00:56]} Rdd2 {[%clk 01:10:12]}
{[%emt 00:00:26]} 41. Rh1 {[%clk 00:53:17]} {[%emt 00:01:59]} Rb2+ {[%clk
01:10:06]} {[%emt 00:00:16]} 42. Ka1 {[%clk 00:53:10]} {[%emt 00:00:18]} Ra2+
{[%clk 01:09:00]} {[%emt 00:01:14]} 43. Kb1 {[%clk 00:52:48]} {[%emt 00:00:33]}
Rdc2 {[%clk 01:08:37]} {[%emt 00:00:33]} 44. Rg1 {[%clk 00:52:02]} {[%emt
00:00:57]} Nd5 {[%clk 01:08:33]} {[%emt 00:00:14]} 45. Ne4 {[%emt 00:02:05]} f5
{[%clk 01:08:13]} {[%emt 00:00:28]} 0-1

[Event "2024 National Elementary (K-6) Championship"]
[Site "Columbus, Ohio, United States"]
[Date "2024.04.28"]
[Round "6.19"]
[White "Schaefer, Sasha Milo"]
[Black "Gu, Hardy"]
[Result "1-0"]
[TimeControl "G/90; d10"]
[WhiteFideId "39920682"]
[BlackFideId "39941876"]
[WhiteElo "1843"]
[BlackElo "1892"]

1. e4 {[%clk 01:30:00]} {[%emt 00:00:01]} c5 {[%emt 00:00:05]} 2. Nf3 {[%clk
01:30:00]} {[%emt 00:00:02]} Nc6 {[%clk 01:30:00]} {[%emt 00:00:04]} 3. Bb5
{[%clk 01:30:00]} {[%emt 00:00:03]} g6 {[%clk 01:30:00]} {[%emt 00:00:04]} 4.
O-O {[%clk 01:30:00]} {[%emt 00:00:04]} Bg7 {[%clk 01:30:00]} {[%emt 00:00:02]}
5. c3 {[%clk 01:30:00]} {[%emt 00:00:04]} Nf6 {[%clk 01:30:00]} {[%emt
00:00:03]} 6. Re1 {[%clk 01:30:00]} {[%emt 00:00:05]} O-O {[%clk 01:30:00]}
{[%emt 00:00:04]} 7. d4 {[%clk 01:30:00]} {[%emt 00:00:04]} d5 {[%clk
01:30:00]} {[%emt 00:00:05]} 8. e5 {[%clk 01:30:00]} {[%emt 00:00:04]} Ne4
{[%clk 01:30:00]} {[%emt 00:00:03]} 9. Be3 {[%clk 01:30:00]} {[%emt 00:00:08]}
cxd4 {[%clk 01:29:15]} {[%emt 00:00:56]} 10. cxd4 {[%clk 01:30:00]} {[%emt
00:00:05]} Qb6 {[%clk 01:28:56]} {[%emt 00:00:29]} 11. Bxc6 {[%clk 01:28:45]}
{[%emt 00:01:26]} Qxc6 {[%clk 01:28:24]} {[%emt 00:00:42]} 12. Nfd2 {[%clk
01:28:37]} {[%emt 00:00:17]} Nxd2 {[%clk 01:28:01]} {[%emt 00:00:35]} 13. Qxd2
{[%clk 01:28:35]} {[%emt 00:00:11]} Bf5 {[%clk 01:27:46]} {[%emt 00:00:25]} 14.
Nc3 {[%clk 01:28:35]} {[%emt 00:00:10]} e6 {[%clk 01:27:16]} {[%emt 00:00:40]}
15. f3 {[%clk 01:27:18]} {[%emt 00:01:26]} g5 {[%clk 01:26:08]} {[%emt
00:01:18]} 16. Bxg5 {[%clk 01:27:01]} {[%emt 00:00:26]} f6 {[%clk 01:25:04]}
{[%emt 00:01:15]} 17. exf6 {[%clk 01:26:02]} {[%emt 00:01:09]} Bxf6 {[%clk
01:25:04]} {[%emt 00:00:05]} 18. Bxf6 {[%clk 01:25:59]} {[%emt 00:00:12]} Rxf6
{[%clk 01:25:04]} {[%emt 00:00:04]} 19. Re5 {[%clk 01:23:45]} {[%emt 00:02:24]}
Raf8 {[%clk 01:24:31]} {[%emt 00:00:43]} 20. Rae1 {[%clk 01:23:12]} {[%emt
00:00:43]} Rg6 {[%clk 01:23:56]} {[%emt 00:00:43]} 21. Ne2 {[%clk 01:22:18]}
{[%emt 00:01:06]} Qd6 {[%clk 01:16:29]} {[%emt 00:07:34]} 22. Ng3 {[%clk
01:20:19]} {[%emt 00:02:22]} Qd7 {[%emt 00:04:24]} 23. Qe3 {[%clk 01:17:17]}
{[%emt 00:01:34]} Qb5 {[%clk 01:12:47]} {[%emt 00:01:16]} 24. Qb3 {[%clk
01:10:24]} {[%emt 00:07:02]} Qc6 {[%clk 01:11:30]} {[%emt 00:01:28]} 25. Qe3
{[%clk 01:08:13]} {[%emt 00:02:21]} Qb6 {[%clk 01:11:11]} {[%emt 00:00:30]} 26.
Nxf5 {[%clk 01:06:11]} {[%emt 00:02:11]} exf5 {[%clk 01:11:03]} {[%emt
00:00:18]} 27. Re8 {[%clk 00:59:44]} {[%emt 00:06:37]} Qxb2 {[%clk 01:09:07]}
{[%emt 00:02:06]} 28. Rxf8+ {[%clk 00:59:25]} {[%emt 00:00:29]} Kxf8 {[%clk
01:09:07]} {[%emt 00:00:04]} 29. Qe7+ {[%clk 00:54:01]} {[%emt 00:05:33]} Kg8
{[%clk 01:09:07]} {[%emt 00:00:03]} 30. Qd8+ {[%clk 00:53:17]} {[%emt
00:00:55]} Kg7 {[%clk 01:09:07]} {[%emt 00:00:11]} 31. Re7+ {[%clk 00:53:16]}
{[%emt 00:00:10]} Kh6 {[%clk 01:08:58]} {[%emt 00:00:19]} 32. Qf8+ {[%clk
00:53:14]} {[%emt 00:00:12]} Kg5 {[%clk 01:08:58]} {[%emt 00:00:04]} 33. h4+
{[%clk 00:50:42]} {[%emt 00:02:41]} Kxh4 {[%clk 01:08:10]} {[%emt 00:00:59]} 34.
Rxh7+ {[%clk 00:50:19]} {[%emt 00:00:33]} Kg5 {[%clk 01:08:10]} {[%emt
00:00:11]} 35. Qe7+ {[%clk 00:49:08]} {[%emt 00:01:20]} Kf4 {[%clk 01:07:38]}
{[%emt 00:00:42]} 36. Rh4+ {[%clk 00:47:14]} {[%emt 00:02:04]} Kg3 {[%clk
01:07:38]} {[%emt 00:00:05]} 37. Rh3+ {[%clk 00:46:47]} {[%emt 00:00:35]} Kf4
{[%clk 01:07:38]} {[%emt 00:00:10]} 38. Qe5+ {[%clk 00:46:22]} {[%emt
00:00:34]} Kg5 {[%clk 01:07:38]} {[%emt 00:00:08]} 39. Rg3+ {[%clk 00:46:03]}
{[%emt 00:00:28]} 1-0

[Event "2024 National Elementary (K-6) Championship"]
[Site "Columbus, Ohio, United States"]
[Date "2024.04.28"]
[Round "6.20"]
[White "Wu, Darren"]
[Black "Sha, Yi"]
[Result "1/2-1/2"]
[TimeControl "G/90; d10"]
[WhiteFideId "39919188"]
[BlackFideId "39915050"]
[WhiteElo "1715"]
[BlackElo "1924"]

1. e4 {[%clk 01:30:00]} c5 {[%clk 01:30:00]} {[%emt 00:00:08]} 2. c4 {[%clk
01:30:00]} {[%emt 00:00:06]} Nc6 {[%clk 01:30:00]} {[%emt 00:00:09]} 3. Ne2
{[%clk 01:30:00]} {[%emt 00:00:06]} Nf6 {[%clk 01:29:32]} {[%emt 00:00:39]} 4.
Nbc3 {[%clk 01:30:00]} {[%emt 00:00:10]} e6 {[%clk 01:28:56]} {[%emt 00:00:47]}
5. d4 {[%emt 00:01:32]} d5 {[%clk 01:27:56]} {[%emt 00:00:35]} 6. cxd5 {[%emt
00:00:44]} exd5 {[%emt 00:00:29]} 7. exd5 {[%clk 01:29:17]} {[%emt 00:00:28]}
Nxd5 {[%clk 01:26:08]} {[%emt 00:01:30]} 8. dxc5 {[%emt 00:00:35]} Ndb4 {[%clk
01:24:16]} {[%emt 00:01:44]} 9. Ng3 {[%emt 00:04:43]} Qxd1+ {[%clk 01:18:49]}
{[%emt 00:02:33]} 10. Kxd1 {[%emt 00:00:13]} Bg4+ {[%clk 01:16:58]} {[%emt
00:01:58]} 11. f3 {[%clk 01:27:25]} {[%emt 00:00:27]} O-O-O+ {[%clk 01:15:58]}
{[%emt 00:01:09]} 12. Bd2 {[%clk 01:27:18]} {[%emt 00:00:17]} Be6 {[%emt
00:09:05]} 13. Bb5 {[%emt 00:09:19]} Bxc5 {[%clk 01:07:20]} {[%emt 00:00:53]}
14. Bxc6 {[%emt 00:01:26]} Nxc6 {[%emt 00:02:10]} 15. Re1 {[%emt 00:05:50]} Nb4
{[%clk 00:58:55]} {[%emt 00:01:26]} 16. Nge4 {[%emt 00:01:49]} Be7 {[%emt
00:04:34]} 17. b3 {[%emt 00:14:37]} Nd3 {[%clk 00:46:37]} {[%emt 00:00:45]} 18.
Re3 {[%clk 01:07:18]} {[%emt 00:01:34]} Rhe8 {[%emt 00:03:14]} 19. Kc2 {[%emt
00:01:03]} Nb4+ {[%clk 00:44:40]} {[%emt 00:00:17]} 20. Kc1 {[%emt 00:01:19]}
f5 {[%clk 00:42:23]} {[%emt 00:01:51]} 21. Nf2 {[%emt 00:01:16]} Bg5 {[%clk
00:41:36]} {[%emt 00:00:07]} 22. Re2 {[%emt 00:05:49]} Bf6 {[%clk 00:36:24]}
{[%emt 00:00:07]} 23. Kb2 {[%emt 00:07:06]} Nd3+ {[%clk 00:30:34]} {[%emt
00:00:26]} 24. Nxd3 {[%clk 00:59:34]} {[%emt 00:03:19]} Rxd3 {[%clk 00:29:44]}
{[%emt 00:01:01]} 25. Kc2 {[%emt 00:05:33]} Rxc3+ {[%emt 00:01:49]} 26. Bxc3
{[%emt 00:01:24]} Bxb3+ {[%emt 00:00:23]} 27. Kxb3 {[%clk 00:55:33]} {[%emt
00:00:09]} Rxe2 {[%clk 00:25:01]} {[%emt 00:00:26]} 28. Bxf6 {[%emt 00:00:47]}
gxf6 {[%clk 00:24:31]} {[%emt 00:00:26]} 29. Rc1+ {[%clk 00:53:30]} {[%emt
00:01:56]} Kd7 {[%clk 00:24:07]} {[%emt 00:00:33]} 30. Rc5 {[%emt 00:01:51]}
Rxg2 {[%clk 00:22:23]} {[%emt 00:00:33]} 31. Rxf5 {[%clk 00:53:12]} {[%emt
00:00:02]} Ke6 {[%emt 00:01:10]} 32. Rh5 {[%clk 00:52:41]} {[%emt 00:00:14]}
Rg7 {[%clk 00:21:09]} {[%emt 00:00:51]} 33. f4 {[%clk 00:52:22]} {[%emt
00:00:29]} Rc7 {[%emt 00:02:28]} 34. a4 {[%clk 00:51:51]} {[%emt 00:00:17]} b6
{[%emt 00:01:30]} 35. Kb4 {[%emt 00:00:36]} a6 {[%clk 00:18:08]} {[%emt
00:00:35]} 36. Kb3 {[%emt 00:01:14]} a5 {[%clk 00:17:33]} {[%emt 00:00:30]} 37.
h3 {[%emt 00:00:33]} Rg7 {[%clk 00:13:01]} {[%emt 00:04:17]} 38. Kc4 {[%clk
00:50:01]} {[%emt 00:00:49]} Rd7 {[%clk 00:12:26]} {[%emt 00:00:46]} 39. Kc3
{[%clk 00:48:36]} 1/2-1/2